| 000 | 00429nam a22001577a 4500 | ||
|---|---|---|---|
| 008 | 230515b |||||||| |||| 00| 0 eng d | ||
| 040 |
_aNational Science Library _cNational Science Library |
||
| 080 |
_a551.44/.49 _bL0 |
||
| 100 |
_aWalton, William C _98976 |
||
| 245 | _aWorld of water | ||
| 260 |
_aLondon: _bWeidenfeld and Nicolson, _c1970 |
||
| 300 | _a318p. | ||
| 650 | _aWater | ||
| 653 | _aOceans | ||
| 942 |
_2udc _cBK |
||
| 999 |
_c30148 _d30148 |
||